MISI SOLAT 5 WAKTU : EPISOD : DIARI AKHLAK IMRAN . #3

Bibliographic Details
Main Authors: Nazry Salam (Author), Anna Shahira (Author)
Other Authors: Zaki Zainol (Editor)
Format: Book
Language:Malay
Published: Batu Caves, Selangor : PTS Publishing House Sdn. Bhd. 2021
Series:MISI SOLAT LIMA WAKTU #3
Subjects:

MARC

LEADER 00000cam a2200000 7i4500
001 0000146203
005 20230529.0
008 221028s2021 my a xb f may
020 |a 9789674816599 
040 |a PERPUSTAM   |b eng   |c PERPUSTAM   |e rda 
090 0 0 |a J 741.5088297   |b NAZ 
100 1 |a Nazry Salam ,   |e author 
245 1 0 |a MISI SOLAT 5 WAKTU :   |b EPISOD : DIARI AKHLAK IMRAN .   |n #3   |c karya NAZRY SALAM & ANNA SHAHIRA ; EDITOR KANAN: Zaki Zainol 
264 1 |a Batu Caves, Selangor :   |b PTS Publishing House Sdn. Bhd.   |c 2021 
300 |a 108 pages :   |b illustrations ;   |c 21 cm. 
336 |a text  |2 rdacontent 
337 |a unmediated  |2 rdamedia 
338 |a volume  |2 rdacarrier 
490 1 |a MISI SOLAT LIMA WAKTU   |v #3 
530 |a Also available in online version 
650 1 0 |a Comic books, strips, etc.   |x Religious aspects   |x Islam 
650 2 0 |a Islam   |v Prayers and devotions 
650 2 0 |a Pillars of Islam 
650 2 0 |a Prayer   |x Islam 
700 0 |a Anna Shahira ,   |e author. 
700 0 |a Zaki Zainol ,   |e editor. 
999 |a 0000738604   |b Buku   |c Koleksi Pinjaman Kanak-Kanak   |e Perbadanan Perpustakaan Awam Melaka 
999 |a 0000738605   |b Buku   |c Koleksi Pinjaman Kanak-Kanak   |e Perbadanan Perpustakaan Awam Melaka 
999 |a 0000738606   |b Buku   |c Koleksi Pinjaman Kanak-Kanak   |e Perbadanan Perpustakaan Awam Melaka 
999 |a 0000738607   |b Buku   |c Koleksi Pinjaman Kanak-Kanak   |e Perpustakaan Cawangan Jasin 
999 |a 0000738608   |b Buku   |c Koleksi Pinjaman Kanak-Kanak   |e Perpustakaan Cawangan Masjid Tanah 
999 |a 0000738609   |b Buku   |c Koleksi Pinjaman Kanak-Kanak   |e Perpustakaan Cawangan Merlimau 
999 |a 0000738610   |b Buku   |c Koleksi Pinjaman Kanak-Kanak   |e Perpustakaan Komuniti UTC Melaka 
999 |a 0000738611   |b Buku   |c Koleksi Pinjaman Kanak-Kanak   |e Perbadanan Perpustakaan Awam Melaka 
999 |a 0000738612   |b Buku   |c Koleksi Pinjaman Kanak-Kanak   |e Perbadanan Perpustakaan Awam Melaka 
999 |a 0000738613   |b Buku   |c Koleksi Pinjaman Kanak-Kanak   |e Perbadanan Perpustakaan Awam Melaka 
999 |a 0000738614   |b Buku   |c Koleksi Pinjaman Kanak-Kanak   |e Perbadanan Perpustakaan Awam Melaka 
999 |a 0000738615   |b Buku   |c Koleksi Pinjaman Kanak-Kanak   |e Perbadanan Perpustakaan Awam Melaka 
999 |a 0000738616   |b Buku   |c Koleksi Pinjaman Kanak-Kanak   |e Perbadanan Perpustakaan Awam Melaka 
999 |a 0000738617   |b Buku   |c Koleksi Pinjaman Kanak-Kanak   |e Perbadanan Perpustakaan Awam Melaka 
999 |a 0000738618   |b Buku   |c Koleksi Pinjaman Kanak-Kanak   |e Perbadanan Perpustakaan Awam Melaka 
999 |a 0000738619   |b Buku   |c Koleksi Pinjaman Kanak-Kanak   |e Perbadanan Perpustakaan Awam Melaka 
999 |a 0000738620   |b Buku   |c Koleksi Pinjaman Kanak-Kanak   |e Perbadanan Perpustakaan Awam Melaka 
999 |a 0000738621   |b Buku   |c Koleksi Pinjaman Kanak-Kanak   |e Perbadanan Perpustakaan Awam Melaka 
999 |a 0000738622   |b Buku   |c Koleksi Pinjaman Kanak-Kanak   |e Perbadanan Perpustakaan Awam Melaka 
999 |a 0000738623   |b Buku   |c Koleksi Pinjaman Kanak-Kanak   |e Perbadanan Perpustakaan Awam Melaka 
999 |a 0000738624   |b Buku   |c Koleksi Pinjaman Kanak-Kanak   |e Perbadanan Perpustakaan Awam Melaka 
999 |a 0000738625   |b Buku   |c Koleksi Pinjaman Kanak-Kanak   |e Perbadanan Perpustakaan Awam Melaka